| 000 | 00513nam a2200169 i 4500 | ||
|---|---|---|---|
| 001 | 79321 | ||
| 003 | ES-MaACL | ||
| 005 | 20230906173943.0 | ||
| 007 | t| | ||
| 008 | 041020s1961 sp ||||1| spa d | ||
| 100 | 1 |
_aHenry, Antonin Marcel. _962589 |
|
| 245 | 1 | 0 |
_aBosquejo de una Teología de la Misión / _cA.M. Henry ; versión castellana de Jesús Cordero. |
| 260 |
_aBarcelona : _bHerder, _c1961. |
||
| 300 |
_a157 p. ; _c18 cm. |
||
| 700 | 1 |
_aCordero, Jesús. _940509 |
|
| 852 |
_aES-MaACL _jC-20838 _bR.48944 |
||
| 999 |
_c79321 _d79321 |
||